000 00981nas a2200337 4500
001 BR0200826
003 BR-BrBNA
005 20231205102738.0
007 ta
008 230509b bl.|||p| |||| 00| 00por d
040 _aBR-BrBNA
_bpor
_cBiblioteca Nacional de Agricultura
041 _a(Pt)
072 _aL02
100 1 _aNardon, R.F.
100 1 _aSampaio, A.A.M.
100 1 _aRazook, A.G.
100 1 _aRazook, A.G.
100 1 _aBoin, C.
100 1 _aFigueiredo, L.A. de
100 1 _aLima, M.L.P.
100 1 _aCastro Junior, F.G. de
245 1 _aEfeitos da raça e seleção para peso pós-desmama no desempenho de bovinos em confinamento
650 _aBovino
650 _aConfinamento
650 _aDesmama
650 _aConsumo Alimentar
650 _aGanho de Peso
773 0 _tBoletim de Indústria Animal (Brazil)
_xISSN 0067-9615
_g(2001), v. 58(1) p. 9-19
_wBR0200826
909 _a202311
_bLúcia
_c55
_dLúcia Elande
942 _2AGRIS
_n0
_cANA
999 _c169116
_d169116